01013nam a2200289 4500001000800000003000900008005001700017007000800034008003100042017000900073020001800082035000600100040002500106082002600131100004800157240000600205245014800211260002800359300002800387490002600415500007400441650006100515650002500576650003900601700005500640700002800695 01920 DO-SdBNP20240214123359.0 01920 040220s 2010 sp | || ||spa  a b  a9788466785389 a  aBPMSUbspacBPMSUe  4a861.1bR934L 20102221 aFernández,Francisco Alejo eadaptador c 14a 13aEl libro del buen amor /cJuan Ruiz Archipreste de Hita. ; adaptación de Francisco Alejo Fernández; ilustraciones de Adria Fruitós.h b  aMadrid :bAnaya, c2010 a166 p. : bil. ;c25 cm0 aClásicos a medida  aIncluye referencias bibliográficas y notas al pie de las páginas  4a Libro del buen amor xCrítica e interpretación |2  4aPoesía española  4aLiteratura españolaySiglo XVIII1 aRuiz, Juan, d1283?-1351?tEl libro del buen amor12a Fruitós, Adriaeil.